Modern business statistics with Microsoft Excel. / (Record no. 830)
[ view plain ]
| 000 -LEADER | |
|---|---|
| fixed length control field | 01438nam a22001937a 4500 |
| 008 - FIXED-LENGTH DATA ELEMENTS--GENERAL INFORMATION | |
| fixed length control field | 120502t xxu||||| |||| 00| 0 eng d |
| 020 ## - INTERNATIONAL STANDARD BOOK NUMBER | |
| International Standard Book Number | 0324121741 9780324121742 |
| 050 ## - LIBRARY OF CONGRESS CALL NUMBER | |
| Classification number | HF1017.A533 |
| 100 ## - MAIN ENTRY--PERSONAL NAME | |
| Personal name | Anderson, David R. |
| 245 ## - TITLE STATEMENT | |
| Title | Modern business statistics with Microsoft Excel. / |
| Statement of responsibility, etc. | David R. Anderson |
| 260 ## - PUBLICATION, DISTRIBUTION, ETC. | |
| Place of publication, distribution, etc. | Cincinnati, Ohio : |
| Name of publisher, distributor, etc. | South-Western, |
| Date of publication, distribution, etc. | ©2003. |
| 300 ## - PHYSICAL DESCRIPTION | |
| Extent | xxiii, 936 p. : |
| Other physical details | ill. (chiefly col.) ; |
| Dimensions | 27 cm. + |
| 500 ## - GENERAL NOTE | |
| General note | Includes bibliographical references and index. |
| 505 ## - FORMATTED CONTENTS NOTE | |
| Formatted contents note | Contents: Data and statistics -- Descriptive statistics : Tabular and graphical methods -- Descriptive statistics : numerical methods -- Introduction to probability -- Discrete probability disributions -- Sampling and sampling distributions -- Interval estimation -- Hypothesis testing -- Statistical inferences about means and proportions for two populations -- Inferences about population variances -- Tests of goodness of fit and independence -- Analysis of variance and experimental design -- Simple linear regression -- Multiple regression -- Regression analysis: model building -- Nonparametric methods -- Sample survey -- Statistical methods for quality control -- Tables -- Summation notation -- Answers to even-numered exercises -- Excel functions and the function wizard. |
| 650 ## - SUBJECT ADDED ENTRY--TOPICAL TERM | |
| Topical term or geographic name entry element | Microsoft Excel for Windows. |
| 650 ## - SUBJECT ADDED ENTRY--TOPICAL TERM | |
| Topical term or geographic name entry element | Commercial statistics. |
| 700 ## - ADDED ENTRY--PERSONAL NAME | |
| Personal name | Williams, Thomas A. |
| 942 ## - ADDED ENTRY ELEMENTS (KOHA) | |
| Source of classification or shelving scheme | Library of Congress Classification |
| Koha item type | Books |
| Withdrawn status | Lost status | Source of classification or shelving scheme | Damaged status | Not for loan | Home library | Current library | Shelving location | Date acquired | Total Checkouts | Full call number | Barcode | Date last seen | Copy number | Price effective from | Koha item type |
|---|---|---|---|---|---|---|---|---|---|---|---|---|---|---|---|
| Library of Congress Classification | WISCONSIN INTERNATIONAL UNIVERSITY COLLEGE, GHANA - MAIN LIBRARY | WISCONSIN INTERNATIONAL UNIVERSITY COLLEGE, GHANA - MAIN LIBRARY | General Stacks | 08/05/2012 | HF1017.A533 | 1960/12 | 08/05/2012 | 1 | 08/05/2012 | Books | |||||
| Library of Congress Classification | WISCONSIN INTERNATIONAL UNIVERSITY COLLEGE, GHANA - MAIN LIBRARY | WISCONSIN INTERNATIONAL UNIVERSITY COLLEGE, GHANA - MAIN LIBRARY | General Stacks | 08/05/2012 | HF1017.A5332 | 1961/12 | 08/05/2012 | 2 | 08/05/2012 | Books |
